Резервные электростанции и электроагрегаты для повышения надежности сельского электроснабжения : (Record no. 455428)
[ view plain ]
| 000 -LEADER | |
|---|---|
| fixed length control field | 01115nam a2200229 a 4500 |
| 001 - CONTROL NUMBER | |
| control field | 000689636 |
| 003 - CONTROL NUMBER IDENTIFIER | |
| control field | AM-YEHGA |
| 005 - DATE AND TIME OF LATEST TRANSACTION | |
| control field | 20250617160538.0 |
| 008 - FIXED-LENGTH DATA ELEMENTS--GENERAL INFORMATION | |
| fixed length control field | 091013s1960 ai | |||||||||||||rus|d |
| 040 ## - CATALOGING SOURCE | |
| Original cataloging agency | AM-YeHGA |
| 041 0# - LANGUAGE CODE | |
| Language code of text/sound track or separate title | rus |
| 090 ## - LOCALLY ASSIGNED LC-TYPE CALL NUMBER (OCLC); LOCAL CALL NUMBER (RLIN) | |
| -- | 458432 |
| 245 00 - TITLE STATEMENT | |
| Title | Резервные электростанции и электроагрегаты для повышения надежности сельского электроснабжения : |
| Remainder of title | Научные труды / |
| Statement of responsibility, etc. | Л.Е. Эбин, Д.Н. Быстрицкий, А.В. Луковников; ВИЭСХ. |
| 260 ## - PUBLICATION, DISTRIBUTION, ETC. | |
| Place of publication, distribution, etc. | М. : |
| Name of publisher, distributor, etc. | Отдел тех. информ. ВИЭСХ, |
| Date of publication, distribution, etc. | 1960. |
| 300 ## - PHYSICAL DESCRIPTION | |
| Extent | 72 с. : |
| Other physical details | табл., рис. ; |
| Dimensions | 22 см. |
| 650 14 - SUBJECT ADDED ENTRY--TOPICAL TERM | |
| Topical term or geographic name entry element | Производство энергии для сельского хозяйства |
| 700 1# - ADDED ENTRY--PERSONAL NAME | |
| Personal name | Эбин, Л.Е. |
| 700 1# - ADDED ENTRY--PERSONAL NAME | |
| Personal name | Быстрицкий, Д.Н. |
| 700 1# - ADDED ENTRY--PERSONAL NAME | |
| Personal name | Луковников, А.В. |
| 710 2# - ADDED ENTRY--CORPORATE NAME | |
| Corporate name or jurisdiction name as entry element | Всесоюзный научно-исследовательский институт электрификации сельского хозяйства |
| 942 ## - ADDED ENTRY ELEMENTS (KOHA) | |
| Source of classification or shelving scheme | Universal Decimal Classification |
| Koha item type | Գրքեր / Books |
| Withdrawn status | Lost status | Source of classification or shelving scheme | Damaged status | Not for loan | Collection | Home library | Current library | Date acquired | Total checkouts | Full call number | Barcode | Date last seen | Price effective from | Koha item type | Public note |
|---|---|---|---|---|---|---|---|---|---|---|---|---|---|---|---|
| Universal Decimal Classification | General | Fundamental Scientific Library | Fundamental Scientific Library | 13/01/2021 | PII/41915 | FL0634915 | 13/01/2021 | 13/01/2021 | Գրքեր / Books | 30 Days Loan | |||||
| Universal Decimal Classification | General | Fundamental Scientific Library | Fundamental Scientific Library | 18/01/2021 | PII/42153 | FL0635969 | 18/01/2021 | 18/01/2021 | Գրքեր / Books | 30 Days Loan | |||||
| Universal Decimal Classification | General | Fundamental Scientific Library | Fundamental Scientific Library | 09/03/2021 | PII/45644 | FL0641912 | 09/03/2021 | 09/03/2021 | Գրքեր / Books | 30 Days Loan |
ՀՀ Գիտությունների ազգային ակադեմիայի հիմնարար գիտական գրադարան = Fundamental Scientific Library of NAS RA
All site content, except where otherwise noted, is licensed under a